[Event "The Himalayan op"]
[Site "Kathmandu"]
[Date "2010.09.09"]
[Round "1"]
[White "Biswajit, Bharadwaj"]
[Black "Chatterjee, Debaraj"]
[Result "0-1"]
[WhiteElo "1898"]
[BlackElo "2288"]
[PlyCount "102"]
[EventDate "2010.09.09"]
[EventType "swiss"]
[EventRounds "9"]
[EventCountry "NEP"]
[SourceTitle "EXT 2013"]
[Source "ChessBase"]
[SourceDate "2012.11.22"]
[SourceVersion "1"]
[SourceVersionDate "2012.11.22"]
[SourceQuality "1"]

1. e4 d5 2. exd5 Qxd5 3. Nc3 Qa5 4. d4 Nf6 5. Bc4 c6 6. Nge2 Bg4 7. f3 Bc8 8. Be3 Nbd7 9. 0-0 e6 10. Bb3 Be7 11. Ng3 0-0 12. Nce4 c5 13. Kh1 Qc7 14. c3 b6 15. Rc1 Bb7 16. Qc2 Rad8 17. Qe2 Rfe8 18. Rfd1 Nd5 19. Bd2 cxd4 20. cxd4 Qb8 21. Ba4 Rf8 22. Bg5 Bxg5 23. Nxg5 N7f6 24. Qe5 h6 25. N5e4 Nxe4 26. Nxe4 Ne7 27. Qxb8 Rxb8 28. Rc7 Nd5 29. Rd7 Rfd8 30. Kg1 Rxd7 31. Bxd7 Rd8 32. Ba4 Ne3 33. Rd3 Nf5 34. d5 Rxd5 35. Rxd5 Bxd5 36. Nc3 Bb7 37. Kf2 Kf8 38. Bc2 Nd6 39. Bd3 Ke7 40. Ke3 g5 41. g3 f5 42. f4 Kf6 43. Nb5 Nxb5 44. Bxb5 e5 45. Bc4 exf4+ 46. gxf4 h5 47. b4 g4 48. a3 h4 49. Kf2 Be4 50. Bb3 Ke7 51. Bc4 Kd6 0-1